000 00927cam a2200217 4500500
005 20260222005125.0
041 _afre
042 _adc
100 1 0 _aBortzmeyer, Gabriel
_eauthor
245 0 0 _aDe l’émancipation des toons
260 _c2026.
500 _a73
520 _aTroisième film de la série Cinécologies et second consacré à l’animation, ce bref traité de l’émancipation des toons met en regard deux studios (qui aujourd’hui n’en font plus qu’un), Disney et Pixar. L’un aura été emblématique d’une domestication des créatures, et l’autre aura tenté de les émanciper.
690 _aAnimal
690 _aArt
690 _aCinéma
690 _aDocuments
690 _aÉcologie
786 0 _nLes Temps qui restent | 6 | 2 | 2026-02-02 | p. 90-92 | 3038-0464
856 4 1 _uhttps://shs.cairn.info/revue-les-temps-qui-restent-2025-2-page-90?lang=fr&redirect-ssocas=7080
999 _c1669523
_d1669523